00343nam a2200133Ia 4500008004100000245007000041260002000111260000900131300001200140440002000152650001100172650001200183650001400195190516s9999 xx 000 0 und d aEating lots of fish in pregnancy linked to obesity risk for kids/ bManila Bulletin c2017 aJuly 14 aManila Bulletin ahealth aobesity apregnancy